000
00330 a2200157 4500
001
57955
020
_a
040
_c
Anchieta - Pituba
100
_a
Gógol, Nikolai
240
1
0
_a
Taras Bulba
_l
por
245
1
0
_a
Taras Bulba
300
_a
149
362
0
_a
1982
650
4
_a
Literaturas eslavas orientais-russa
942
_c
BK
999
_c
57955
_d
57955